Übergangsbestimmungen zur Wahl der Mitglieder zu den im Jahr 2002 zu bildenden Regionalpastoralräten vom 11.04.2001
| Συγγραφή απο Οργανισμό/Αρχή: | |
|---|---|
| Τύπος μέσου: | Εκτύπωση Άρθρο |
| Γλώσσα: | Γερμανικά |
| Έλεγχος διαθεσιμότητας: | HBZ Gateway |
| Interlibrary Loan: | Interlibrary Loan for the Fachinformationsdienste (Specialized Information Services in Germany) |
| Έκδοση: |
2001
|
| Στο/Στη: |
Kirchlicher Anzeiger für die Diözese Aachen
Έτος: 2001, Τόμος: 71, Σελίδες: 145 |
| Σημειογραφίες IxTheo: | SB Κανονικό Δίκαιο, Δημόσιο Εκκλησιαστικό Δίκαιο |
| Άλλες λέξεις-κλειδιά: | B
Τοπικό δίκαιο
B Ποιμαντικό συμβούλιο B Aachen |
MARC
| LEADER | 00000caa a22000002c 4500 | ||
|---|---|---|---|
| 001 | 1763358658 | ||
| 003 | DE-627 | ||
| 005 | 20220510153923.0 | ||
| 007 | tu | ||
| 008 | 210719s2001 xx ||||| 00| ||ger c | ||
| 035 | |a (DE-627)1763358658 | ||
| 035 | |a (DE-599)KXP1763358658 | ||
| 040 | |a DE-627 |b ger |c DE-627 |e rakwb | ||
| 041 | |a ger | ||
| 084 | |a 1 |2 ssgn | ||
| 110 | 2 | |e VerfasserIn |0 (DE-588)1193760135 |0 (DE-627)1672847540 |4 aut |a Katholische Kirche |b Diözese Aachen |b Bischof |g 1995-2015 : Mussinghoff | |
| 245 | 1 | 0 | |a Übergangsbestimmungen zur Wahl der Mitglieder zu den im Jahr 2002 zu bildenden Regionalpastoralräten vom 11.04.2001 |
| 264 | 1 | |c 2001 | |
| 336 | |a Text |b txt |2 rdacontent | ||
| 337 | |a ohne Hilfsmittel zu benutzen |b n |2 rdamedia | ||
| 338 | |a Band |b nc |2 rdacarrier | ||
| 601 | |a Mitglied | ||
| 650 | 0 | 7 | |0 (DE-588)4123918-0 |0 (DE-627)105751634 |0 (DE-576)209563745 |a Pastoralrat |2 gnd |
| 650 | 0 | 7 | |0 (DE-588)4173443-9 |0 (DE-627)105379905 |0 (DE-576)209950285 |a Partikularrecht |2 gnd |
| 651 | 7 | |0 (DE-588)4000003-5 |0 (DE-627)10640251X |0 (DE-576)208836500 |a Aachen |2 gnd | |
| 652 | |a SB | ||
| 773 | 0 | 8 | |i Enthalten in |a Katholische Kirche. Diözese Aachen |t Kirchlicher Anzeiger für die Diözese Aachen |d Aachen : Einhard-Verlag, 1931 |g 71(2001), Seite 145 |w (DE-627)167405233 |w (DE-600)516798-X |w (DE-576)015698319 |x 2366-6587 |7 nnas |
| 773 | 1 | 8 | |g volume:71 |g year:2001 |g pages:145 |
| 935 | |a DAKR | ||
| 951 | |a AR | ||
| CAN | |a 1 | ||
| ELC | |b 1 | ||
| LOK | |0 000 xxxxxcx a22 zn 4500 | ||
| LOK | |0 001 395558769X | ||
| LOK | |0 003 DE-627 | ||
| LOK | |0 004 1763358658 | ||
| LOK | |0 005 20210719140509 | ||
| LOK | |0 008 210719||||||||||||||||ger||||||| | ||
| LOK | |0 035 |a (DE-Tue135-3)DAKAR1_18167 | ||
| LOK | |0 040 |a DE-Tue135-3 |c DE-627 |d DE-Tue135-3 | ||
| LOK | |0 092 |o n | ||
| LOK | |0 852 |a DE-Tue135-3 | ||
| LOK | |0 852 1 |9 00 | ||
| LOK | |0 935 |a msmi | ||
| LOK | |0 936ln |0 1442053313 |a SB | ||
| LOK | |0 939 |a 19-07-21 |b l01 | ||
| ORI | |a SA-MARC-ixtheoa001.raw | ||
| STA | 0 | 0 | |a Aachen,Aix-la-Chapelle,Particular law,Pastoral council |
| STB | 0 | 0 | |a Conseil pastoral,Régime juridique particulier,Droit local,Droit local |
| STC | 0 | 0 | |a Consejo pastoral,Derecho particular |
| STD | 0 | 0 | |a Consiglio pastorale,Diritto particolare |
| STE | 0 | 0 | |a 牧民议会,教牧委员会,牧灵委员会,特别法 |
| STF | 0 | 0 | |a 牧民議會,教牧委員會,牧靈委員會,特別法 |
| STG | 0 | 0 | |a Conselho pastoral,Direito particular |
| STH | 0 | 0 | |a Местный закон,Пасторский совет |
| STI | 0 | 0 | |a Ποιμαντικό συμβούλιο,Τοπικό δίκαιο |
| SUB | |a CAN | ||
| SYE | 0 | 0 | |a Seelsorgerat , Foralrecht,Partikulares Recht |
| SYF | 0 | 0 | |a Aachen,Aquae Granni,Aquisgran,Aken,Aix-la-Chapelle,Bad Aachen,Aquisgranum,Stadt Aachen |